[Event "CRO-chT2 Center 25th"]
[Site "Croatia"]
[Date "2016.11.06"]
[Round "11.52"]
[White "Mihalincic, Tomislav"]
[Black "Raguz, Dario"]
[Result "1-0"]
[WhiteElo "2254"]
[BlackElo "2141"]
[PlyCount "115"]
[EventDate "2016.03.13"]
[EventType "team-tourn"]
[EventRounds "11"]
[EventCountry "CRO"]
[SourceTitle "EXT 2019"]
[Source "ChessBase"]
[SourceDate "2018.10.10"]
[SourceVersion "1"]
[SourceVersionDate "2018.10.10"]
[SourceQuality "1"]

1. e4 c5 2. Nf3 d6 3. d4 cxd4 4. Nxd4 Nf6 5. Nc3 a6 6. g3 e5 7. Nde2 Be7 8. a4 Nc6 9. Bg2 Nb4 10. 0-0 0-0 11. h3 Be6 12. f4 Rc8 13. b3 Qb6+ 14. Kh2 Rfd8 15. f5 Bd7 16. Ba3 a5 17. Rc1 Bc6 18. Nd5 Bxd5 19. exd5 Na2 20. Ra1 Nc3 21. Nxc3 Rxc3 22. Bb2 Rc7 23. Rb1 Rdc8 24. c4 Nd7 25. h4 Bf6 26. Kh3 Re8 27. Re1 Qf2 28. Rf1 Qb6 29. Re1 Qf2 30. Qf3 Qxf3 31. Bxf3 Nc5 32. Ba3 Nd3 33. Re2 Nb4 34. Be4 g5 35. Bc1 gxh4 36. g4 Bg7 37. Be3 Rcc8 38. g5 f6 39. Rg1 Kf7 40. g6+ hxg6 41. Rxg6 Rh8 42. Reg2 Rh7 43. Bb6 Ra8 44. Bc7 Ra6 45. Bd8 Ra8 46. Bb6 Bh6 47. Bc7 Ke7 48. c5 Bg5 49. Bxd6+ Kd7 50. R2xg5 fxg5 51. f6 Rah8 52. Bxe5 Rf7 53. Rxg5 Re8 54. Bf5+ Kd8 55. Be6 Rh7 56. f7 Rf8 57. Rg8 Rhxf7 58. Bxf7 1-0

[Event "CRO-chT2 Center 25th"]
[Site "Croatia"]
[Date "2016.03.13"]
[Round "1.32"]
[White "Raguz, Dario"]
[Black "Krstic, Uros"]
[Result "0-1"]
[WhiteElo "2141"]
[BlackElo "2429"]
[PlyCount "56"]
[EventDate "2016.03.13"]
[EventType "team-tourn"]
[EventRounds "11"]
[EventCountry "CRO"]
[SourceTitle "EXT 2019"]
[Source "ChessBase"]
[SourceDate "2018.10.10"]
[SourceVersion "1"]
[SourceVersionDate "2018.10.10"]
[SourceQuality "1"]

1. e4 e5 2. Nf3 Nc6 3. Bc4 Nf6 4. d3 h6 5. 0-0 d6 6. c3 g6 7. d4 Qe7 8. Bb5 Nd7 9. d5 Nd8 10. c4 Bg7 11. Nc3 0-0 12. b4 f5 13. Ba3 a6 14. Ba4 f4 15. Rc1 g5 16. Nd2 Nf6 17. c5 Nf7 18. h3 g4 19. hxg4 Nxg4 20. Qe2 Qh4 21. Nf3 Qh5 22. Rfd1 Ng5 23. Rd3 Rf6 24. Qd1 Rg6 25. Be8 Nh3+ 26. Kf1 Nhxf2 27. Bxg6 Qh1+ 28. Ng1 Nxd1 0-1

[Event "Pula op 29th"]
[Site "Pula"]
[Date "2015.06.14"]
[Round "2"]
[White "Zufic, Miroslav"]
[Black "Raguz, Dario"]
[Result "1-0"]
[WhiteElo "2462"]
[BlackElo "2126"]
[PlyCount "55"]
[EventDate "2015.06.13"]
[EventType "swiss"]
[EventRounds "9"]
[EventCountry "CRO"]
[SourceTitle "CBM 167 Extra"]
[Source "ChessBase"]
[SourceDate "2015.09.14"]
[SourceVersion "1"]
[SourceVersionDate "2015.09.14"]
[SourceQuality "1"]

1. e4 c5 2. Nf3 d6 3. d4 cxd4 4. Nxd4 Nf6 5. Nc3 a6 6. Be3 e5 7. Nb3 Be6 8. h3 Be7 9. Qf3 Nc6 10. 0-0-0 Qc7 11. Kb1 b5 12. g4 Rc8 13. g5 Nd7 14. h4 b4 15. Nd5 Bxd5 16. exd5 Nd4 17. Bxd4 Qxc2+ 18. Ka1 exd4 19. Bxa6 Rb8 20. Rc1 Qg6 21. Bb5 d3 22. Bxd7+ Kxd7 23. Qh3+ Kd8 24. Na5 d2 25. Nb7+ Ke8 26. Rc8+ Rxc8 27. Qxc8+ Bd8 28. Qxd8# 1-0

[Event "Zagreb op"]
[Site "Zagreb"]
[Date "2014.03.18"]
[Round "2"]
[White "Arnaudov, Petar G"]
[Black "Raguz, Dario"]
[Result "1-0"]
[WhiteElo "2459"]
[BlackElo "2164"]
[PlyCount "81"]
[EventDate "2014.03.17"]
[EventType "swiss"]
[EventRounds "9"]
[EventCountry "CRO"]
[SourceTitle "CBM 159 Extra"]
[Source "ChessBase"]
[SourceDate "2014.04.24"]
[SourceVersion "1"]
[SourceVersionDate "2014.04.24"]
[SourceQuality "1"]

1. Nf3 d5 2. d4 e6 3. c4 c5 4. cxd5 exd5 5. g3 Nc6 6. Bg2 Nf6 7. 0-0 Be7 8. dxc5 Bxc5 9. a3 0-0 10. b4 Be7 11. Nc3 h6 12. Bb2 Bg4 13. h3 Bxf3 14. Bxf3 Qd7 15. Bg2 Rfd8 16. Rc1 Rac8 17. Na4 b6 18. Qb3 Qe6 19. Rfd1 Ne4 20. Bxe4 Qxe4 21. Nc3 Nd4 22. Nxe4 Nxb3 23. Rxc8 Rxc8 24. Nc3 d4 25. Nd5 Bf8 26. Bxd4 Rc2 27. Be3 Rxe2 28. Rb1 Nd2 29. Rc1 Ne4 30. Rc8 f6 31. Ra8 a5 32. b5 Kf7 33. Ra7+ Ke8 34. a4 f5 35. Nxb6 Nxg3 36. Nc4 Rc2 37. Ra8+ Kf7 38. Ne5+ Ke6 39. fxg3 Kxe5 40. Rxf8 Ke4 41. Bf2 1-0

[Event "CRO-chT2 Center 23rd"]
[Site "Grubisno Polje"]
[Date "2014.03.16"]
[Round "3.3"]
[White "Ivekovic, Zvonimir"]
[Black "Raguz, Dario"]
[Result "1-0"]
[WhiteElo "2367"]
[BlackElo "2164"]
[PlyCount "41"]
[EventDate "2014.03.02"]
[EventType "team-match"]
[EventRounds "11"]
[EventCountry "CRO"]
[SourceTitle "EXT 2016"]
[Source "ChessBase"]
[SourceDate "2015.10.08"]
[SourceVersion "1"]
[SourceVersionDate "2015.10.08"]
[SourceQuality "1"]

1. e4 c6 2. d4 d5 3. Nc3 dxe4 4. Nxe4 Nd7 5. Nf3 Ngf6 6. Ng3 e6 7. Bd3 Bd6 8. Qe2 Qc7 9. Bd2 0-0 10. 0-0-0 Re8 11. Ne4 Bf4 12. Nxf6+ Nxf6 13. Ne5 Bxd2+ 14. Rxd2 c5 15. dxc5 Qxc5 16. Re1 Rb8 17. g4 b5 18. g5 Nd7 19. Bxh7+ Kh8 20. Rxd7 Bxd7 21. Qh5 1-0

[Event "CRO-chT2 Center 23rd"]
[Site "Grubisno Polje"]
[Date "2014.03.02"]
[Round "2.5"]
[White "Dugandzic, Boris"]
[Black "Raguz, Dario"]
[Result "1/2-1/2"]
[WhiteElo "2208"]
[BlackElo "2164"]
[PlyCount "136"]
[EventDate "2014.03.02"]
[EventType "team-match"]
[EventRounds "11"]
[EventCountry "CRO"]
[SourceTitle "EXT 2016"]
[Source "ChessBase"]
[SourceDate "2015.10.08"]
[SourceVersion "1"]
[SourceVersionDate "2015.10.08"]
[SourceQuality "1"]

1. Nf3 Nf6 2. c4 b6 3. g3 c5 4. Bg2 Bb7 5. 0-0 g6 6. Nc3 Bg7 7. d4 cxd4 8. Qxd4 Nc6 9. Qh4 h6 10. Nd5 e6 11. Nxf6+ Qxf6 12. Qxf6 Bxf6 13. Rb1 Na5 14. b3 Be4 15. Bb2 Bxb2 16. Rxb2 Rc8 17. Nd4 Bxg2 18. Kxg2 Ke7 19. Rd1 a6 20. Rbd2 Rhd8 21. e4 d6 22. f4 Nc6 23. Kf3 Nxd4+ 24. Rxd4 f5 25. R1d2 b5 26. cxb5 axb5 27. a4 Rc3+ 28. R2d3 Rxd3+ 29. Rxd3 bxa4 30. bxa4 Ra8 31. Ra3 Ra5 32. exf5 gxf5 33. Ke3 e5 34. fxe5 dxe5 35. Kd3 Kd6 36. Kc4 e4 37. Kd4 Rd5+ 38. Ke3 Ra5 39. Kf4 Ke6 40. Rb3 Rxa4 41. Rb6+ Kf7 42. Kxf5 Ra5+ 43. Kxe4 Kg7 44. Rd6 Ra1 45. h4 Ra3 46. Rd3 Ra4+ 47. Rd4 Ra5 48. g4 Ra7 49. h5 Re7+ 50. Kf5 Rf7+ 51. Ke6 Rf6+ 52. Ke5 Rf7 53. Rd6 Rf1 54. Rd7+ Kg8 55. Rd6 Kg7 56. Rg6+ Kh7 57. Re6 Kg7 58. Re7+ Kg8 59. Ra7 Rf2 60. Ra4 Kg7 61. Rf4 Rc2 62. Re4 Rf2 63. Ke6 Rf6+ 64. Ke5 Rf2 65. Ra4 Rf1 66. Ra3 Re1+ 67. Kd6 Re4 68. Ra7+ Kg8 1/2-1/2

[Event "CRO-chT2 Center 22nd"]
[Site "Sisak"]
[Date "2013.10.13"]
[Round "9.1"]
[White "Raguz, Dario"]
[Black "Cop, Tomislav"]
[Result "1/2-1/2"]
[WhiteElo "2182"]
[BlackElo "2301"]
[PlyCount "77"]
[EventDate "2013.04.14"]
[EventType "team-tourn"]
[EventRounds "11"]
[EventCountry "CRO"]
[SourceTitle "EXT 2016"]
[Source "ChessBase"]
[SourceDate "2015.10.08"]
[SourceVersion "1"]
[SourceVersionDate "2015.10.08"]
[SourceQuality "1"]

1. d4 Nf6 2. c4 g6 3. Nc3 Bg7 4. e4 d6 5. Nf3 0-0 6. h3 e5 7. d5 a5 8. Bg5 Na6 9. Be2 Qe8 10. Nd2 Nd7 11. g4 Ndc5 12. Rg1 Kh8 13. a3 a4 14. Qc2 f5 15. f3 Bf6 16. Bxf6+ Rxf6 17. g5 Rf8 18. h4 fxe4 19. fxe4 Rf4 20. Rh1 Bd7 21. 0-0-0 Rf2 22. Rdf1 Qf8 23. Nd1 Rxe2 24. Rxf8+ Rxf8 25. Qc3 Nxe4 26. Nxe4 Rxe4 27. h5 gxh5 28. Rxh5 Bg4 29. Rh1 Rf3 30. Qc2 Nc5 31. Nc3 Nb3+ 32. Kb1 Bf5 33. Ka2 Re1 34. Qh2 Rff1 35. Rxf1 Rxf1 36. Nxa4 Nc1+ 37. Ka1 Nb3+ 38. Ka2 Nc1+ 39. Ka1 1/2-1/2

[Event "CRO-chT2 Center 22nd"]
[Site "Sisak"]
[Date "2013.10.06"]
[Round "7.21"]
[White "Raguz, Dario"]
[Black "Srbis, Jurica"]
[Result "1/2-1/2"]
[WhiteElo "2182"]
[BlackElo "2330"]
[PlyCount "63"]
[EventDate "2013.04.14"]
[EventType "team-tourn"]
[EventRounds "11"]
[EventCountry "CRO"]
[SourceTitle "EXT 2016"]
[Source "ChessBase"]
[SourceDate "2015.10.08"]
[SourceVersion "1"]
[SourceVersionDate "2015.10.08"]
[SourceQuality "1"]

1. d4 Nf6 2. c4 c5 3. d5 e5 4. Nc3 d6 5. e4 Nbd7 6. g3 g6 7. h4 h5 8. Bd3 a6 9. a4 Bh6 10. Bxh6 Rxh6 11. Qd2 Rh8 12. Nh3 Kf8 13. Kd1 Kg7 14. Kc2 Rb8 15. Ng5 Nf8 16. f4 Ng4 17. f5 Nh7 18. Rhf1 Bd7 19. Be2 Ngf6 20. Rf2 Nxg5 21. hxg5 Nh7 22. f6+ Kg8 23. Rh1 Qa5 24. Bxh5 b5 25. Rfh2 b4 26. Bxg6 fxg6 27. Rxh7 Rxh7 28. Rxh7 bxc3 29. f7+ Kxh7 30. Qh2+ Kg7 31. Qh6+ Kxf7 32. Qh7+ 1/2-1/2

[Event "Paleochora op 6th"]
[Site "Paleochora"]
[Date "2013.07.25"]
[Round "8"]
[White "Raguz, Dario"]
[Black "Makka, Evanthia"]
[Result "0-1"]
[WhiteElo "2169"]
[BlackElo "2107"]
[PlyCount "88"]
[EventDate "2013.07.19"]
[EventType "swiss"]
[EventRounds "9"]
[EventCountry "GRE"]
[SourceTitle "CBM 155 Extra"]
[Source "ChessBase"]
[SourceDate "2013.08.26"]
[SourceVersion "1"]
[SourceVersionDate "2013.08.26"]
[SourceQuality "1"]

1. d4 f5 2. Bg5 h6 3. Bh4 g5 4. Bg3 Nf6 5. e3 d6 6. Nc3 c6 7. Bd3 Qb6 8. Rb1 Be6 9. b4 Nbd7 10. Na4 Qc7 11. c4 b5 12. cxb5 cxb5 13. Nc5 Bxa2 14. Rc1 Qc6 15. Nxd7 Qxd7 16. Qe2 Bc4 17. Bxc4 bxc4 18. Qxc4 e6 19. Ne2 Ne4 20. Qa6 Be7 21. 0-0 Kf7 22. Rc6 Rhb8 23. b5 Qb7 24. Rb1 Qxa6 25. Rxa6 Rb6 26. Ra2 Rab8 27. f3 Nxg3 28. hxg3 a6 29. d5 e5 30. Nc3 axb5 31. Rab2 b4 32. Na2 b3 33. Nc1 Rc8 34. Ne2 Rb5 35. Rxb3 Rxd5 36. R1b2 Rd1+ 37. Kf2 d5 38. Rb7 d4 39. exd4 exd4 40. Rd7 Ke6 41. Rxd4 Bc5 42. Ke3 Kf6 43. Rbd2 Re8+ 44. Kd3 Rxd2+ 0-1

[Event "CRO-chT2 Center 22nd"]
[Site "Sisak"]
[Date "2013.04.28"]
[Round "5.3"]
[White "Raguz, Dario"]
[Black "Bodiroga, Predrag"]
[Result "1/2-1/2"]
[WhiteElo "2182"]
[BlackElo "2392"]
[PlyCount "58"]
[EventDate "2013.04.14"]
[EventType "team-tourn"]
[EventRounds "11"]
[EventCountry "CRO"]
[SourceTitle "EXT 2016"]
[Source "ChessBase"]
[SourceDate "2015.10.08"]
[SourceVersion "1"]
[SourceVersionDate "2015.10.08"]
[SourceQuality "1"]

1. e4 c6 2. d4 d5 3. exd5 cxd5 4. c4 Nf6 5. Nc3 e6 6. Nf3 Be7 7. cxd5 Nxd5 8. Bc4 Nc6 9. 0-0 0-0 10. Re1 Bf6 11. Ne4 h6 12. Bxd5 exd5 13. Nxf6+ Qxf6 14. Ne5 Rd8 15. Re3 Bf5 16. Nxc6 Qxc6 17. Bd2 Qb6 18. Bc3 Re8 19. Qe2 Bd7 20. Re1 Rxe3 21. Qxe3 Re8 22. Qd2 Rxe1+ 23. Qxe1 Qg6 24. a3 Bh3 25. Qf1 a6 26. Kh1 Bd7 27. Qe1 Qd3 28. h3 Be6 29. Kh2 Kh7 1/2-1/2

[Event "CRO-chT2 Center 22nd"]
[Site "Sisak"]
[Date "2013.04.21"]
[Round "3.4"]
[White "Raguz, Dario"]
[Black "Bertusi, Misel"]
[Result "1-0"]
[WhiteElo "2182"]
[BlackElo "2000"]
[PlyCount "75"]
[EventDate "2013.04.14"]
[EventType "team-tourn"]
[EventRounds "11"]
[EventCountry "CRO"]
[SourceTitle "EXT 2016"]
[Source "ChessBase"]
[SourceDate "2015.10.08"]
[SourceVersion "1"]
[SourceVersionDate "2015.10.08"]
[SourceQuality "1"]

1. d4 Nf6 2. c4 d6 3. Nc3 g6 4. e4 Bg7 5. f3 c6 6. Be3 Qc7 7. Qd2 Nbd7 8. Nh3 a6 9. Rc1 0-0 10. Nf2 Re8 11. Be2 c5 12. 0-0 Qa5 13. Rb1 Rb8 14. a3 cxd4 15. Bxd4 Qd8 16. b4 Nf8 17. Rfd1 Ne6 18. Be3 Bd7 19. a4 Nh5 20. a5 Be5 21. Nd5 Bg7 22. Ng4 Bc6 23. Nb6 Nf6 24. Nxf6+ Bxf6 25. b5 axb5 26. cxb5 Bd7 27. a6 bxa6 28. bxa6 Bg5 29. a7 Rxb6 30. Rxb6 Qxb6 31. Bxb6 Bxd2 32. Rxd2 Nf4 33. Ba6 Bc6 34. Rc2 Ba8 35. Rc7 Ne6 36. Rb7 h5 37. Rb8 Rf8 38. Bb7 1-0

[Event "CRO-chT2 Center"]
[Site "Zagreb"]
[Date "2012.04.01"]
[Round "5.61"]
[White "Raguz, Dario"]
[Black "Nemeth, Miklos"]
[Result "0-1"]
[WhiteElo "2198"]
[BlackElo "2452"]
[PlyCount "54"]
[EventDate "2012.03.18"]
[EventType "team-swiss"]
[EventRounds "11"]
[EventCountry "CRO"]
[SourceTitle "EXT 2014"]
[Source "ChessBase"]
[SourceDate "2013.11.20"]
[SourceVersion "1"]
[SourceVersionDate "2013.11.20"]
[SourceQuality "1"]

1. Nf3 Nc6 2. e4 e5 3. d4 exd4 4. Nxd4 Bc5 5. Nxc6 Qf6 6. Qf3 dxc6 7. Nd2 Qe7 8. Nc4 Nf6 9. Bd3 Bg4 10. Qf4 b5 11. Nd2 Bd6 12. Qe3 Nh5 13. 0-0 Qe5 14. g3 Bc5 15. Nf3 Qd6 16. Qg5 Bxf3 17. g4 Ng3 18. Bf4 Qxd3 19. Bxg3 Qc4 20. b3 Qc3 21. b4 Be7 22. Qf5 Qf6 23. Bxc7 h5 24. e5 Qxf5 25. gxf5 Rc8 26. Ba5 h4 27. h3 Rh5 0-1

[Event "CRO-chT2 Center"]
[Site "Zagreb"]
[Date "2012.03.25"]
[Round "3.62"]
[White "Raguz, Dario"]
[Black "Machata, Martin"]
[Result "0-1"]
[WhiteElo "2198"]
[BlackElo "2218"]
[PlyCount "60"]
[EventDate "2012.03.18"]
[EventType "team-swiss"]
[EventRounds "11"]
[EventCountry "CRO"]
[SourceTitle "EXT 2014"]
[Source "ChessBase"]
[SourceDate "2013.11.20"]
[SourceVersion "1"]
[SourceVersionDate "2013.11.20"]
[SourceQuality "1"]

1. d4 Nf6 2. c4 c5 3. Nf3 cxd4 4. Nxd4 e5 5. Nb5 d5 6. cxd5 Bc5 7. e3 0-0 8. N5c3 e4 9. Be2 Qe7 10. Nd2 Rd8 11. Qc2 Bf5 12. a3 Nbd7 13. b4 Bd6 14. Nc4 Rac8 15. Bb2 Ne5 16. Nxe5 Bxe5 17. Qb3 Bxc3+ 18. Bxc3 Nxd5 19. Bd4 Qg5 20. g3 Bh3 21. Bf1 Qf5 22. Be2 h5 23. Qb2 Bg2 24. Rg1 Bf3 25. h4 Qg4 26. Bd1 Bxd1 27. Rxd1 Nc3 28. Rc1 Ne2 29. Rxc8 Rxc8 30. Rg2 Nc1 0-1

[Event "Zagreb op-B"]
[Site "Zagreb"]
[Date "2012.03.10"]
[Round "6"]
[White "Raguz, Dario"]
[Black "Kolaric, Spela"]
[Result "1/2-1/2"]
[WhiteElo "2198"]
[BlackElo "2077"]
[PlyCount "47"]
[EventDate "2012.03.05"]
[EventType "swiss"]
[EventRounds "9"]
[EventCountry "CRO"]
[SourceTitle "CBM 147 Extra"]
[Source "ChessBase"]
[SourceDate "2012.04.24"]
[SourceVersion "1"]
[SourceVersionDate "2012.04.24"]
[SourceQuality "1"]

1. e4 c5 2. Nf3 e6 3. d4 cxd4 4. Nxd4 a6 5. Bd3 Nc6 6. Nxc6 dxc6 7. Nd2 e5 8. Nc4 Nf6 9. Be3 Nd7 10. f4 Qc7 11. 0-0 b5 12. Nxe5 Nxe5 13. fxe5 Qxe5 14. Qf3 Be6 15. c3 Bc5 16. Qf2 Bxe3 17. Qxe3 0-0 18. a3 c5 19. Rad1 Rad8 20. Rd2 Rd6 21. Bc2 Rfd8 22. Rfd1 Rxd2 23. Rxd2 Rxd2 24. Qxd2 1/2-1/2

[Event "Zagreb op-B"]
[Site "Zagreb"]
[Date "2012.03.07"]
[Round "3"]
[White "Kolega, Marin"]
[Black "Raguz, Dario"]
[Result "1-0"]
[WhiteElo "2057"]
[BlackElo "2198"]
[PlyCount "67"]
[EventDate "2012.03.05"]
[EventType "swiss"]
[EventRounds "9"]
[EventCountry "CRO"]
[SourceTitle "CBM 147 Extra"]
[Source "ChessBase"]
[SourceDate "2012.04.24"]
[SourceVersion "1"]
[SourceVersionDate "2012.04.24"]
[SourceQuality "1"]

1. e4 c5 2. Nf3 d6 3. d4 cxd4 4. Nxd4 Nf6 5. Nc3 a6 6. f3 e5 7. Nb3 Be6 8. Be3 h5 9. Qd2 Nbd7 10. 0-0-0 Qc7 11. h3 Be7 12. Rg1 b5 13. g4 hxg4 14. hxg4 Nb6 15. g5 Nfd7 16. Nd5 Bxd5 17. exd5 Nc4 18. Bxc4 Qxc4 19. Rg4 Qc7 20. Na5 g6 21. f4 exf4 22. Bxf4 0-0-0 23. a4 bxa4 24. Nc6 Nc5 25. Qc3 Rh5 26. Qxc5 dxc5 27. Bxc7 Kxc7 28. Nxe7 Kd6 29. Nc6 Re8 30. Rf4 Rh7 31. Rf6+ Kd7 32. d6 Re4 33. Nb8+ Kd8 34. d7 1-0

[Event "CRO-chT2 Center"]
[Site "Croatia"]
[Date "2011.10.02"]
[Round "8.61"]
[White "Raguz, Dario"]
[Black "Machata, Martin"]
[Result "1/2-1/2"]
[WhiteElo "2222"]
[BlackElo "2221"]
[PlyCount "60"]
[EventDate "2011.03.20"]
[EventType "team-tourn"]
[EventRounds "11"]
[EventCountry "CRO"]
[SourceTitle "EXT 2014"]
[Source "ChessBase"]
[SourceDate "2013.11.20"]
[SourceVersion "1"]
[SourceVersionDate "2013.11.20"]
[SourceQuality "1"]

1. Nf3 d5 2. d4 Nc6 3. e3 Bg4 4. Bb5 e6 5. c4 Nge7 6. cxd5 exd5 7. Bd2 a6 8. Be2 Nc8 9. Nc3 Nb6 10. b3 Ba3 11. Bc1 Bb4 12. Bb2 0-0 13. a3 Bd6 14. h3 Bh5 15. 0-0 Re8 16. Ne1 Bxe2 17. Nxe2 Qh4 18. Nc1 Re6 19. Nf3 Qh5 20. Nh2 Qg6 21. Nd3 Nd7 22. Nf3 Re4 23. Rc1 Rd8 24. Nfe5 Ndxe5 25. Nxe5 Bxe5 26. dxe5 Qe6 27. Bd4 Rd7 28. f3 Rh4 29. f4 Qf5 30. Qc2 Qe4 1/2-1/2

[Event "Zlatni Rat op 2nd"]
[Site "Bol"]
[Date "2011.09.16"]
[Round "8"]
[White "Raguz, Dario"]
[Black "Raimbault, Pierre"]
[Result "1-0"]
[WhiteElo "2222"]
[BlackElo "1932"]
[PlyCount "99"]
[EventDate "2011.09.10"]
[EventType "swiss"]
[EventRounds "9"]
[EventCountry "CRO"]
[SourceTitle "CBM 144 Extra"]
[Source "ChessBase"]
[SourceDate "2011.10.28"]
[SourceVersion "1"]
[SourceVersionDate "2011.10.28"]
[SourceQuality "1"]

1. Nf3 Nf6 2. d4 c5 3. c4 g6 4. Nc3 cxd4 5. Nxd4 Bg7 6. e4 d6 7. Be2 0-0 8. 0-0 Nc6 9. Nc2 Bd7 10. Be3 Ne5 11. f3 Rc8 12. b3 a6 13. Qd2 b5 14. cxb5 Rxc3 15. Qxc3 Nd5 16. Qd2 Nxe3 17. Qxe3 axb5 18. Nb4 Qa5 19. a3 Be6 20. Rfc1 h5 21. h3 Rc8 22. Rxc8+ Bxc8 23. Nd5 Nc6 24. Rd1 Be6 25. b4 Qa4 26. f4 Qc2 27. Qd3 Qb2 28. Qxb5 Nd4 29. Qe8+ Kh7 30. Bf1 Bxd5 31. exd5 Nf5 32. Qxf7 Kh6 33. Bd3 Bd4+ 34. Kh1 Nh4 35. Be4 Bf6 36. Qf8+ Kh7 37. Qc8 Qxa3 38. Qc4 Qg3 39. Rf1 Nf5 40. Bxf5 gxf5 41. b5 Qe3 42. Qc2 Kg6 43. Qb1 Bd4 44. Qe1 Qd3 45. b6 Bxb6 46. Qe6+ Kg7 47. Qxe7+ Kg8 48. Qe6+ Kg7 49. Qd7+ Kg8 50. Re1 1-0

[Event "Zlatni Rat op 2nd"]
[Site "Bol"]
[Date "2011.09.11"]
[Round "2"]
[White "Raguz, Dario"]
[Black "Ruzicka, Milan"]
[Result "1-0"]
[WhiteElo "2222"]
[BlackElo "2067"]
[PlyCount "49"]
[EventDate "2011.09.10"]
[EventType "swiss"]
[EventRounds "9"]
[EventCountry "CRO"]
[SourceTitle "CBM 144 Extra"]
[Source "ChessBase"]
[SourceDate "2011.10.28"]
[SourceVersion "1"]
[SourceVersionDate "2011.10.28"]
[SourceQuality "1"]

1. d4 d5 2. c4 e6 3. Nf3 Nf6 4. g3 c6 5. Bg2 Bd6 6. Nbd2 0-0 7. Qc2 Nbd7 8. 0-0 Re8 9. e4 dxe4 10. Nxe4 Nxe4 11. Qxe4 e5 12. Qc2 exd4 13. Nxd4 Qf6 14. Rd1 Bc5 15. Nb3 Bb6 16. Bf4 Ne5 17. c5 Bf5 18. Qc3 Bc7 19. Nd4 Bg4 20. Rd2 g5 21. Be3 Bh5 22. f4 gxf4 23. Bxf4 Bg6 24. Rf1 Qg7 25. Kh1 1-0

[Event "Pula op 25th"]
[Site "Pula"]
[Date "2011.06.21"]
[Round "4"]
[White "Raguz, Dario"]
[Black "Skytte, Rasmus"]
[Result "1/2-1/2"]
[WhiteElo "2196"]
[BlackElo "2399"]
[PlyCount "76"]
[EventDate "2011.06.18"]
[EventType "swiss"]
[EventRounds "9"]
[EventCountry "CRO"]
[SourceTitle "CBM 143 Extra"]
[Source "ChessBase"]
[SourceDate "2011.08.29"]
[SourceVersion "1"]
[SourceVersionDate "2011.08.29"]
[SourceQuality "1"]

1. Nf3 Nf6 2. g3 d5 3. Bg2 Bf5 4. 0-0 e6 5. d3 h6 6. Nbd2 Be7 7. Qe1 0-0 8. e4 Bh7 9. Qe2 c5 10. b3 Nc6 11. Bb2 Qc7 12. e5 Nd7 13. a3 a5 14. a4 Rae8 15. Nb1 f6 16. exf6 Bxf6 17. Bxf6 Nxf6 18. Na3 e5 19. Nb5 Qd7 20. Nd2 Kh8 21. c3 Bf5 22. Rae1 Bg4 23. f3 Bf5 24. g4 Bg6 25. h3 b6 26. Rf2 d4 27. c4 Nb4 28. Ne4 Nxe4 29. fxe4 Rxf2 30. Kxf2 Nc6 31. Kg1 Nd8 32. Rf1 Ne6 33. Rf2 Nf4 34. Qf3 h5 35. Bf1 Qe7 36. Qg3 Rf8 37. g5 Be8 38. Na3 Bd7 1/2-1/2

[Event "CRO-chT2 Center"]
[Site "Croatia"]
[Date "2011.04.03"]
[Round "5.22"]
[White "Marangunic, Srdjan"]
[Black "Raguz, Dario"]
[Result "0-1"]
[WhiteElo "2377"]
[BlackElo "2222"]
[PlyCount "116"]
[EventDate "2011.03.20"]
[EventType "team-tourn"]
[EventRounds "11"]
[EventCountry "CRO"]
[SourceTitle "EXT 2014"]
[Source "ChessBase"]
[SourceDate "2013.11.20"]
[SourceVersion "1"]
[SourceVersionDate "2013.11.20"]
[SourceQuality "1"]

1. Nf3 Nf6 2. g3 d5 3. Bg2 c6 4. 0-0 Bg4 5. d4 Nbd7 6. c4 e6 7. Qb3 Qb6 8. Nc3 Be7 9. Re1 0-0 10. e4 dxe4 11. Nxe4 Nxe4 12. Rxe4 Nf6 13. Re1 Rfd8 14. Be3 Qxb3 15. axb3 Bb4 16. Rec1 a5 17. h3 Bf5 18. g4 Be4 19. Ne5 Bd6 20. f3 Bg6 21. Nxg6 hxg6 22. f4 Bb4 23. Kf2 Rd7 24. Ke2 Rad8 25. Rd1 Kf8 26. Rd3 Ng8 27. Rad1 Ne7 28. Bf3 f6 29. Bd2 Bxd2 30. R3xd2 b5 31. Kf2 a4 32. bxa4 bxa4 33. Be2 Rb8 34. Ra1 Rb4 35. Ra3 Rdb7 36. Ke3 Nc8 37. Rc2 Nd6 38. Bd3 f5 39. Ra2 Ke7 40. Ra3 Kf6 41. g5+ Ke7 42. Kd2 Kd7 43. Kc1 Ra7 44. Kb1 Ra5 45. Ka2 c5 46. dxc5 Rxc5 47. Rac3 Nb7 48. Be2 Na5 49. Ka3 Rb6 50. Bf3 Nb3 51. Rd3+ Kc7 52. Be2 e5 53. fxe5 Rxe5 54. Rd5 Re3 55. Kxa4 Re8 56. Rb5 Nd4 57. Rc5+ Kb7 58. Rd2 Ra6+ 0-1

[Event "CRO-chT4A Center"]
[Site "Zagreb"]
[Date "2010.11.07"]
[Round "10.22"]
[White "Podravec, Kresimir"]
[Black "Raguz, Dario"]
[Result "0-1"]
[WhiteElo "2142"]
[BlackElo "2177"]
[PlyCount "86"]
[EventDate "2010.03.21"]
[EventType "team-tourn"]
[EventRounds "11"]
[EventCountry "CRO"]
[SourceTitle "EXT 2012"]
[Source "ChessBase"]
[SourceDate "2011.11.24"]
[SourceVersion "1"]
[SourceVersionDate "2011.11.24"]
[SourceQuality "1"]

1. e4 c5 2. Nf3 d6 3. d4 cxd4 4. Nxd4 Nf6 5. Nc3 a6 6. Be2 e5 7. Nb3 Be7 8. Be3 Be6 9. 0-0 0-0 10. f4 exf4 11. Bxf4 Nc6 12. Kh1 d5 13. e5 Nd7 14. Bd3 h6 15. Qe2 Bg5 16. Bg3 Qe7 17. Rae1 Bh4 18. Qf3 Bxg3 19. Qxg3 Qg5 20. Qxg5 hxg5 21. Bf5 Ncxe5 22. Nd4 Rfe8 23. Bxe6 fxe6 24. Re2 Rac8 25. Rfe1 Rc4 26. Nb3 Rec8 27. Rd1 Kf7 28. h3 g4 29. Rf1+ Ke7 30. Na5 Rb4 31. Nb3 gxh3 32. gxh3 Rh4 33. Kg2 Rch8 34. Rh1 Kd6 35. Nd1 Nc4 36. c3 R8h6 37. Nf2 Nde5 38. Nd4 Rg6+ 39. Kf1 Nc6 40. Nf3 Rf4 41. Nh2 d4 42. Nhg4 d3 43. Re4 Nd2+ 0-1

[Event "CRO-chT4A Center"]
[Site "Zagreb"]
[Date "2010.10.24"]
[Round "9.52"]
[White "Raguz, Dario"]
[Black "Klement, Dubravko"]
[Result "1/2-1/2"]
[WhiteElo "2177"]
[BlackElo "1933"]
[PlyCount "64"]
[EventDate "2010.03.21"]
[EventType "team-tourn"]
[EventRounds "11"]
[EventCountry "CRO"]
[SourceTitle "EXT 2012"]
[Source "ChessBase"]
[SourceDate "2011.11.24"]
[SourceVersion "1"]
[SourceVersionDate "2011.11.24"]
[SourceQuality "1"]

1. g3 c5 2. Bg2 d5 3. Nf3 Nc6 4. 0-0 Nf6 5. d3 e5 6. Nbd2 Bd6 7. e4 d4 8. Nc4 Bc7 9. a4 Be6 10. b3 Bxc4 11. bxc4 0-0 12. Bh3 h6 13. Nh4 Ne7 14. Kh1 Qe8 15. Qf3 Qc6 16. Bd2 a6 17. Nf5 Nxf5 18. Qxf5 g6 19. Qf3 Kg7 20. Qg2 b5 21. axb5 axb5 22. cxb5 Qxb5 23. Rxa8 Rxa8 24. Qf3 Qc6 25. Bg2 Ra2 26. Rc1 Bd8 27. Qe2 Qa4 28. h4 Rb2 29. Bf3 Qa2 30. Qd1 Qa4 31. Qe2 Qa2 32. Qd1 Qa4 1/2-1/2